Indianapolis 500 Champions - Statistics

General Stats
  • This quiz has been taken 6 times
  • The average score is 36 of 105
Answer Stats
Year Driver Country % Correct
1961 | 1964 | 1967 | 1977 A.J. Foyt USA
75%
2001 | 2002 | 2009 | 2021 Helio Castroneves Brazil
75%
1965 Jim Clark UK
75%
2008 Scott Dixon New Zealand
75%
2017 | 2020 Takuma Sato Japan
75%
2018 Will Power Australia
75%
1970 | 1971 | 1978 | 1987 Al Unser USA
50%
1992 | 1994 Al Unser, Jr. USA
50%
1990 | 1997 Arie Luyendyk Netherlands
50%
1986 Bobby Rahal USA
50%
1968 | 1975 | 1981 Bobby Unser USA
50%
2004 Buddy Rice USA
50%
1985 Danny Sullivan USA
50%
2005 | 2011 Dan Wheldon UK
50%
1998 Eddie Cheever USA
50%
1989 | 1993 Emerson Fittipaldi Brazil
50%
1973 | 1982 Gordon Johncock USA
50%
1966 Graham Hill UK
50%
1995 Jacques Villeneuve Canada
50%
1974 | 1976 | 1980 Johnny Rutherford USA
50%
1969 Mario Andretti USA
50%
1911 Ray Harroun USA
50%
1979 | 1984 | 1988 | 1991 Rick Mears USA
50%
2014 Ryan Hunter-Reay USA
50%
2006 Sam Hornish, Jr. USA
50%
2019 Simon Pagenaud France
50%
1983 Tom Sneva USA
50%
2016 Alexander Rossi USA
25%
1953 | 1954 Bill Vukovich USA
25%
1996 Buddy Lazier USA
25%
2007 | 2010 | 2012 Dario Franchitti UK
25%
1941 Floyd Davis/Mauri Rose USA
25%
1920 Gaston Chevrolet France
25%
1946 George Robson USA
25%
2003 Gil de Ferran Brazil
25%
1960 Jim Rathmann USA
25%
1950 Johnnie Parsons USA
25%
2000 | 2015 Juan Pablo Montoya Colombia
25%
1999 Kenny Brack Sweden
25%
1951 Lee Wallard USA
25%
1928 | 1933 | 1936 Louis Meyer USA
25%
1972 Mark Donohue USA
25%
1947 | 1948 Mauri Rose USA
25%
1963 Parnelli Jones USA
25%
1959 | 1962 Rodger Ward USA
25%
2013 Tony Kanaan Brazil
25%
1952 Troy Ruttman USA
25%
1937 | 1939 | 1940 Wilbur Shaw USA
25%
1934 Bill Cummings USA
0%
1949 Bill Holland USA
0%
1930 Billy Arnold USA
0%
1955 Bob Sweikert USA
0%
1916 Dario Resta UK
0%
1938 Floyd Roberts USA
0%
1926 Frank Lockhart USA
0%
1932 Fred Frame USA
0%
1927 George Souders USA
0%
1919 Howdy Wilcox USA
0%
1958 Jimmy Bryan USA
0%
1922 Jimmy Murphy USA
0%
1912 Joe Dawson USA
0%
1913 Jules Goux France
0%
1935 Kelly Petillo USA
0%
1924 Lora Carum/Joe Boyer USA
0%
1931 Louis Schneider USA
0%
1956 Pat Flaherty USA
0%
1925 Peter DePaolo USA
0%
1915 Ralph DePalma Italy
0%
1929 Ray Keech USA
0%
1914 Rene Thomas France
0%
1957 Sam Hanks USA
0%
1921 | 1923 Tommy Milton USA
0%
No matching quizzes found
Score Distribution
Percent of People with Each Score
Percentile by Number Answered
Your Score History
You have not taken this quiz